000 00161nam a22000857a 4500
020 _a9780723288619
082 _aK800
245 _aMY GRANNY - PEPPA PIG
942 _cBK
999 _c4842
_d4842